Borderless Countries Quiz Stats

 Plays Quiz Updated Dec 16, 2013

Challenge
Share
Tweet
Embed
Score 0/25 Timer 04:00
3 Plays Today
% Correct
Fiji
87.5%
Iceland
86.5%
New Zealand
86.2%
Jamaica
86.2%
Japan
86.1%
Cuba
85.9%
Madagascar
85.6%
Bahamas
84.1%
Maldives
81.9%
Barbados
81.8%
Cyprus
81.6%
Malta
80.7%
Sri Lanka
80.6%
% Correct
Samoa
79.3%
Taiwan
77.7%
Tuvalu
77.2%
Tonga
76.1%
Nauru
75.1%
Grenada
74.6%
Dominica
74.4%
Kiribati
72.5%
Comoros
72.2%
Cabo Verde
67.5%
Singapore
53.5%
Bahrain
48.4%

You're not logged in!

Compare scores with friends on all Sporcle quizzes.
Join for Free
OR
Log In

You Might Also Like...

Show Comments

Extras

Top Quizzes Today


Score Distribution

Your Account Isn't Verified!

In order to create a playlist on Sporcle, you need to verify the email address you used during registration. Go to your Sporcle Settings to finish the process.

Report this User

Report this user for behavior that violates our Community Guidelines.

Details: